Statistics for ALL Secessionist Movements' Flags

Click here to take the quiz!

General Stats

  • This quiz has been taken 17 times
  • The average score is 68 of 275

Answer Stats

Answer% Correct
Basque
100%
Faroe Islands
100%
Abkhazia
88%
Greenland
88%
Guam
88%
Hawaii
88%
Mayotte
88%
Wales
88%
Aland
75%
Bavaria
75%
Brittany
75%
Isle of Man
75%
Lombardy
75%
Tibet
75%
USVI
75%
Wallonia
75%
Alaska
63%
Arewa
63%
Aruba
63%
British Columbia
63%
Catalonia
63%
Cornwall
63%
Corsica
63%
East Turkestan
63%
England
63%
Hong Kong
63%
Kurdistan
63%
Quebec
63%
Scotland
63%
Somaliland
63%
Texas
63%
Transnistria
63%
Zanzibar
63%
Azores
50%
Cascadia
50%
French Guiana
50%
New Caledonia
50%
Northern Cyprus
50%
Reunion
50%
Rif
50%
Sardinia
50%
South Ossetia
50%
South Yemen
50%
Venice
50%
West Papua
50%
Andalusia
38%
Assyria
38%
Balearic Islands
38%
Biafra
38%
Curacao
38%
Easter Island
38%
French Polynesia
38%
Gibraltar
38%
Nevis
38%
Norfolk Island
38%
Sao Paulo
38%
Saskatchewan
38%
Shan
38%
Tamil Eelam
38%
Tuscany
38%
Vermont
38%
Wallmapu
38%
Aboriginal Australians
25%
Alberta
25%
Ambazonia
25%
Asturias
25%
Azawad
25%
Aztlan
25%
Canary Islands
25%
Ceuta
25%
Chuvashia
25%
Circassia
25%
Confederate States
25%
Donetsk
25%
Druze
25%
Frisia
25%
Friulia
25%
Ingria
25%
Kaliningrad
25%
Karakalpakstan
25%
Karelia
25%
Kongo
25%
Luhansk
25%
Maori
25%
Martinique
25%
Mendoza
25%
Moravia
25%
New England
25%
Normandy
25%
Padania
25%
Republic of the Peoples of the Amazon
25%
Rodrigues
25%
Sarawak
25%
Savoy
25%
Saxony
25%
Scania
25%
South Tyrol
25%
Tigray
25%
Trieste
25%
Victoria
25%
Wa
25%
Western Canada
25%
Yorkshire
25%
Aceh
13%
Al-Ahwaz
13%
Alsace
13%
Amhara
13%
Antioquia
13%
Aosta
13%
Aragon
13%
Arakan
13%
Arica
13%
Assam
13%
Azad Kashmir
13%
Bakassi
13%
Balochistan
13%
Banat
13%
Bangsamoro
13%
Barbuda
13%
Barotseland
13%
Bashkortostan
13%
Beja
13%
Bermuda
13%
Bioko
13%
Bornholm
13%
Buryatia
13%
Cabinda
13%
California
13%
Cape
13%
Casamance
13%
Chagos Archipelago
13%
Chaofa
13%
Chechnya
13%
Chiloe
13%
Chinland
13%
Chittagong Hill Tracts
13%
Crimea
13%
Cyrenaica
13%
Dankalia
13%
Dar el-Kuti
13%
Darfur
13%
Deseret
13%
Dimasaland
13%
East Frisia
13%
Erzyan Mastor
13%
Flanders
13%
Franche-Comte
13%
Franconia
13%
Gagauzia
13%
Galizia
13%
Gorkhaland
13%
Gozo
13%
Greater Minahasa
13%
Guadeloupe
13%
Gwynedd
13%
Hadramaut
13%
Herzeg-Bosnia
13%
Idel-Ural
13%
Ingushetia
13%
Inner Mongolia
13%
Isle of Wight
13%
Istria
13%
Javakheti
13%
Jubaland
13%
Jura
13%
Kabylia
13%
Kalmykia
13%
Kamtapur
13%
Kashmir
13%
Kashubia
13%
Katanga
13%
Kawthoolei
13%
Kayah
13%
Khalistan
13%
Khmer Krom
13%
Kirat
13%
Kokang
13%
Leon
13%
Lezgistan
13%
Loreto
13%
Lunda-Tchokwe
13%
Madhesh
13%
Malaita
13%
Manipur
13%
Mari El
13%
Meghalaya
13%
Mercia
13%
Mezzogiorno
13%
Mizoram
13%
Mombasa
13%
Monland
13%
Montagard
13%
Mthwakazi
13%
Nagalim
13%
New Afrika
13%
New Hampshire
13%
Niger Delta
13%
Nordeste
13%
Northumbria
13%
Northwest America
13%
Novorossiya
13%
Occitania
13%
Oduduwa
13%
Ogadenia
13%
Oganiland
13%
Okinawa
13%
Orkney Islands
13%
Oromia
13%
Palaung
13%
Pa'O
13%
Partium
13%
Patagonia
13%
Patani
13%
Pemba
13%
People's Republic of Kenya
13%
Pernambuco
13%
Provence
13%
Puerto Rico
13%
Qullasuyu
13%
Rabha Hasong
13%
Rahmanland
13%
Raizal
13%
Rehoboth
13%
Republika Srpska
13%
Riau
13%
Rojava
13%
Romagna
13%
Ruthenia
13%
Sabah
13%
Sandzak
13%
Santa Cruz
13%
Santhali
13%
Shetland
13%
Siberia
13%
Sicily
13%
Sidama
13%
Silesia
13%
Sindhudesh
13%
South Azeribaijan
13%
South Congo
13%
South India
13%
South Island
13%
South Maluku
13%
South Turkestan
13%
Sul
13%
Sulu
13%
Szekely Land
13%
Talyshia
13%
Tatarstan
13%
Tipraland
13%
Tiwa
13%
Toubouland
13%
Transylvania
13%
Turkmeneli
13%
Udmurtia
13%
Ural
13%
Valencia
13%
Vancouver Island
13%
Vemerana
13%
Vhavenda
13%
Vojvodina
13%
Volkstaat
13%
Wessex
13%
Western Australia
13%
Western Togoland
13%
Zale'n-gam
13%
Zalessian Rus'
13%
Zambesia
13%
Zapatista
13%
Zazaistan
13%
Zemaitija
13%
Zile Lagonav
13%
Zogam
13%
Zulia
13%
Zulu
13%

Score Distribution

Percentile by Number Answered

Percent of People with Each Score

Your Score History

You have not taken this quiz